| Tag |
First Indicator |
Second Indicator |
Subfields |
| LEADER |
00000cam a22000008i 4500 |
| 001 |
in00003768614 |
| 005 |
20160701134235.0 |
| 008 |
160226s2016 dcu b 001 0 eng |
| 010 |
|
|
|a 2015046468
|
| 035 |
|
|
|a (OCoLC)ocn919480372
|
| 040 |
|
|
|a DLC
|b eng
|e rda
|c DLC
|d YDXCP
|d BTCTA
|d BDX
|d DBI
|d OCLCF
|d OCLCO
|d GZN
|d WVH
|d OCLCO
|d IOG
|d OCLCO
|d OCLCQ
|
| 020 |
|
|
|a 9780815728337
|q (hardback)
|
| 020 |
|
|
|a 0815728336
|q (hardback)
|
| 024 |
8 |
|
|a 40026129085
|
| 035 |
|
|
|a (OCoLC)919480372
|
| 042 |
|
|
|a pcc
|
| 043 |
|
|
|a as-----
|a n-us---
|
| 050 |
0 |
0 |
|a DS341
|b .C59 2016
|
| 049 |
|
|
|a TXAM
|
| 100 |
1 |
|
|a Cohen, Stephen P.,
|d 1936-
|e author.
|
| 240 |
1 |
0 |
|a Works.
|k Selections.
|f 2016
|
| 245 |
1 |
4 |
|a The South Asia papers :
|b a critical anthology of writings /
|c by Stephen Philip Cohen.
|
| 263 |
|
|
|a 1604
|
| 264 |
|
1 |
|a Washington, D.C. :
|b Brookings Institution Press,
|c [2016]
|
| 264 |
|
4 |
|c ©2016
|
| 300 |
|
|
|a xii, 384 pages ;
|c 24 cm
|
| 336 |
|
|
|a text
|b txt
|2 rdacontent
|
| 337 |
|
|
|a unmediated
|b n
|2 rdamedia
|
| 338 |
|
|
|a volume
|b nc
|2 rdacarrier
|
| 520 |
|
|
|a "Stephen Philip Cohen, the scholar who virtually created the field of South Asian security studies, has curated a unique collection of the most interesting and important articles, chapters, and speeches from his fifty-year career. Cohen, often described as the "dean" of U.S. South Asian studies, is a dominant figure in the fields of military history, military sociology, and South Asia's strategic emergence. This exceptional collection includes material that have never appeared in book form, including Cohen's original essays on the region's military history, the transition from British rule to independence, the role of the armed forces in India and Pakistan, the pathologies of India-Pakistan relations, South Asia's growing nuclear arsenal, and America's fitful (and forgetful) regional policy. These original writings show how Cohen developed a still-relevant theory of regional conflict, and how his views evolved over the years-tracking the development of South Asian security studies"--
|c Provided by publisher.
|
| 505 |
0 |
|
|a Approaching India's Military and Security Policy, with a Detour through Disaster Studies -- Rulers and Priests : A Study of Cultural Control -- Issue, Role, and Personality : The Kitchener-Curzon Dispute -- Subhas Chandra Bose and the Indian National Army -- The Untouchable Soldier : Caste, Politics, and the Indian Army -- The Military -- Toward a Great State in Asia? -- The State Is Dead : Long Live the Armed Ethnic Group -- Solving Proliferation Problems in a Regional Context : South Asia -- State Building in Pakistan -- The Jihadist Threat to Pakistan -- India and Pakistan -- Kashmir : The Roads Ahead -- The Reagan Administration and India : Right for the Right Reasons? -- The Critical Dimensions of a Possible U.S. Strategic Partnership with India -- How a Botched U.S. Alliance Fed Pakistan's Crisis.
|
| 504 |
|
|
|a Includes bibliographical references and index.
|
| 651 |
|
0 |
|a South Asia
|x Politics and government.
|
| 651 |
|
0 |
|a South Asia
|x Foreign relations.
|
| 651 |
|
0 |
|a South Asia
|x Strategic aspects.
|
| 651 |
|
0 |
|a South Asia
|x Military policy.
|
| 651 |
|
0 |
|a India
|x Foreign relations
|z Pakistan.
|
| 651 |
|
0 |
|a Pakistan
|x Foreign relations
|z India.
|
| 651 |
|
0 |
|a South Asia
|x Foreign relations
|z United States.
|
| 651 |
|
0 |
|a United States
|x Foreign relations
|z South Asia.
|
| 650 |
|
7 |
|a Diplomatic relations.
|2 fast
|0 (OCoLC)fst01907412
|
| 650 |
|
7 |
|a Military policy.
|2 fast
|0 (OCoLC)fst01021386
|
| 650 |
|
7 |
|a Politics and government.
|2 fast
|0 (OCoLC)fst01919741
|
| 650 |
|
7 |
|a Strategic aspects of individual places.
|2 fast
|0 (OCoLC)fst01355062
|
| 651 |
|
7 |
|a India.
|2 fast
|0 (OCoLC)fst01210276
|
| 651 |
|
7 |
|a Pakistan.
|2 fast
|0 (OCoLC)fst01210275
|
| 651 |
|
7 |
|a South Asia.
|2 fast
|0 (OCoLC)fst01244520
|
| 651 |
|
7 |
|a United States.
|2 fast
|0 (OCoLC)fst01204155
|
| 776 |
0 |
8 |
|i Online version:
|a Cohen, Stephen P., 1936-
|t South Asia papers.
|d Washington, D.C. : Brookings Institution Press, 2016
|z 9780815728344
|w (DLC) 2016010164
|
| 945 |
|
|
|b 686749
|
| 947 |
|
|
|a A14843419749
|
| 994 |
|
|
|a 92
|b TXA
|
| 948 |
|
|
|a Cataloged
|b h
|c 2016/7/1
|d c
|e AReeder
|
| 999 |
f |
f |
|s b6887e90-0836-3c4c-9885-2234ec3204a9
|i db85d02a-a6cc-36ba-8d1f-2b8e0ff0dab6
|t 0
|
| 952 |
f |
f |
|p normal
|a Texas A&M University
|b College Station
|c Sterling C. Evans Library
|d Evans: Library Stacks
|t 0
|e DS341 .C59 2016
|h Library of Congress classification
|i unmediated -- volume
|m A14843419749
|
| 998 |
f |
f |
|a DS341 .C59 2016
|t 0
|l Evans: Library Stacks
|